|
|
|
|
| LEADER |
00000cac a2200000 a 4500 |
| 001 |
52226-2 |
| 003 |
Ucuenca |
| 005 |
20230308162202.0 |
| 008 |
000000|1959 ve |||||r|||||||||||spa|| |
| 040 |
|
|
|b spa
|
| 041 |
1 |
|
|a spa
|
| 082 |
0 |
|
|a 196
|
| 100 |
1 |
|
|9 10384
|a Jimenes Grullón, J. I.
|
| 245 |
|
3 |
|a Al margen de Ortega y Gasset: crítica a en torno a Galileo
|c J. I. Jiménes-Grullón
|h imp
|n tomo 2
|
| 264 |
|
|
|a Mérida
|b Universidad de los Andes
|c 1959
|
| 300 |
|
|
|a 200 páginas:
|c 23 cm
|
| 504 |
|
|
|a incl. ref.
|
| 650 |
|
|
|a Filosofia española
|9 212
|
| 650 |
|
|
|a Galileo
|9 7166
|
| 650 |
|
|
|9 9394
|a jose ortega y gasset
|
| 852 |
|
|
|a UC-CDJBV
|f Donación
|l 1
|m General
|p 00000000
|q 30,00
|r 2
|t 52226-2
|y 145637
|b 0
|d CDRC
|e CDRC
|g 196.04 PRIMER PISO
|z 0000-00-00
|
| 942 |
|
|
|c CR
|
| 999 |
|
|
|c 17226
|d 17226
|